LEADER 01239nam a2200301 u 4500 001 000000128863 003 CaOOAMICUS 005 20120516093344.0 008 120516s2012 it u000 u ita r 020 $a978-88-13-30907-7 040 $aPUL$bita 082 04$a343 100 1 $aBortolotti, Fabio.$0(OLS)http://pul/name/66933 245 13$aIl contratto internazionale :$bmanuale teorico-pratico /$cFabio Bortolotti ; presentazione di Victor Uckmar. 260 $aPadova :$bCEDAM,$c2012. 300 $aXX, 401 p. ;$c24 cm 500 $aInclude appendici. 504 $aBibliografia in nota. 650 4$aContratti internazionali$xNormativa.$0(OLS)http://pul/subject/38672 700 1 $aUckmar, Victor.$0(OLS)http://pul/name/82476 850 $aPUL 852 $aPUL$W1$xSL Diritto e Scienze Sociali 3$y79$m343 BORFA 1$j149217$qDDC 21$B147768$CPULBib$Z2$F147768 $H119611 $82 941 1 $a9 996 $6020$a978-88-13-30907-7$9(OLS)http://pul/number/149654 996 $6082$a343$9(OLS)http://pul/classification/645 996 $6245$aIl contratto internazionale :$bmanuale teorico-pratico$9(OLS)http://pul/title/162835 996 $6260$aPadova :$bCEDAM$9(OLS)http://pul/publisher/48126 LEADER 01320nam a2200337 a 4500 001 000000125369 003 CaOOAMICUS 005 20110518172525.0 008 110518s2004 it u000 u ita r 020 $a978-88-430-2860-3 040 $aPUL$bita 082 04$a320.092 100 1 $aAlt, Jurgen August.$0(OLS)http://pul/name/79328 245 10$aKarl R. Popper /$cJurgen August Alt. 260 $aRoma :$bCarocci,$cİ2004. 300 $a162 p. ;$c22 cm. 490 1 $aQuality paperbacks ;$v102 500 $aInclude indice. 504 $aBibliografia: p. 141-152. 600 14$aPopper, Karl Raimund,$cSir,$d1902-1994.$0(OLS)http://pul/subject/7920 650 04$aFilosofia politica.$0(OLS)http://pul/subject/155 830 0$aQuality paperbacks (Carocci) ;$v102.$0(OLS)http://pul/title/103487 850 $aPUL 852 $aPUL$W1$xSL Diritto e Scienze Sociali 3$y79$m320. 092 JURAU 1$j144378$qDDC 21$B143407$CPULBib$Z2$F143407 $H116729 $82 941 1 $a9 960 $aFilosofia della politica$9155 996 $6020$a978-88-430-2860-3$9(OLS)http://pul/number/147219 996 $6082$a320.092$9(OLS)http://pul/classification/407 996 $6245$aKarl R. Popper$9(OLS)http://pul/title/158083 996 $6260$aRoma :$bCarocci$9(OLS)http://pul/publisher/66917